Connaissance du Tiers Monde : approche pluridisciplinaire /

Saved in:
Bibliographic Details
Other Authors: Coquery-Vidrovitch, Catherine
Format: Book
Language:French
Published: Paris : Union générale d'éditions, [1977?]
Series:Cahiers Jussieu ; no 4
10/18 [i.e. Dix/dix-huit] ; 1199
Subjects:
LEADER 01102nam a2200289 i 4500
001 c000191730
003 CARM
005 20021125001300.0
008 781025s1977 fr b 00000 fre
015 |a F*** 
019 1 |a 1301468  |5 LACONCORD2021 
020 |a 2264008253 :  |c 17.00F 
035 |a (OCoLC)4437404  |5 LACONCORD2021 
043 |a d------ 
050 0 0 |a HC59.7  |b .C6284 
245 0 0 |a Connaissance du Tiers Monde :  |b approche pluridisciplinaire /  |c responsable de la publication, Catherine Coquery-Vidrovitch. 
260 |a Paris :  |b Union générale d'éditions,  |c [1977?] 
300 |a 436 p. ;  |c 18 cm. 
490 0 |a Cahiers Jussieu ; no 4 
490 0 |a 10/18 [i.e. Dix/dix-huit] ; 1199 
504 |a Bibliography: p. 424-433. 
651 0 |a Developing countries  |x Economic conditions. 
700 2 |a Coquery-Vidrovitch, Catherine. 
852 8 |b CARM  |h A2:AL15A0  |i A03209  |p 0290111  |f BK 
082 0 4 |a 330.9/1724 
999 f f |i d0049b3f-3180-5cfb-828e-7dc1d7618c0f  |s e7608dee-ff1a-52bc-a100-1ad08629f623 
952 f f |p Can circulate  |a CAVAL  |b CAVAL  |c CAVAL  |d CARM 1 Store  |e A03209  |f A2:AL15A0  |h Other scheme  |i book  |m 0290111